空港駅から出る鉄道の行き先 - Statistics

General Stats
  • This quiz has been taken 329 times
  • The average score is 56 of 85
Answer Stats
空港駅 路線 方向 行き先 % Correct
新千歳空港 JR千歳線 札幌
96%
仙台空港 仙台空港鉄道 下り 仙台
93%
小樽
89%
花巻空港 JR東北本線 下り 盛岡
87%
東京
86%
空港第2ビル(成田空港) JR成田線 上り 千葉
83%
京成上野
81%
京成上野
81%
品川
80%
名鉄名古屋
80%
上り 北上
79%
上り 一ノ関
79%
新宿
79%
大船
78%
逗子
77%
米子
76%
博多
76%
名鉄岐阜
75%
久里浜
74%
京成高砂
74%
三崎口
74%
京成成田空港線 上り 京成高砂
74%
三崎口
74%
羽田空港第3ターミナル(羽田空港) 京急空港線 京急蒲田
74%
泉岳寺
74%
京成高砂
74%
宮崎空港 JR宮崎空港線 宮崎
74%
天王寺
73%
青砥
72%
犬山
72%
京都
72%
南海空港線 難波
72%
米子空港 JR境線 境港
72%
京成本線 上り 京成成田
71%
押上
71%
京成成田
71%
逗子・葉山
69%
東京モノレール モノレール浜松町
69%
金山
69%
下り 成田空港
68%
下り 成田空港
68%
下り 成田空港
68%
金沢文庫
68%
成田空港
68%
大分
68%
京成津田沼
67%
京急久里浜
67%
京急久里浜
67%
手稲
66%
関西空港 JR関西空港線 日根野
66%
福岡空港 福岡市交空港線 姪浜
66%
羽田空港第1・第2ターミナル
66%
羽田空港第1・第2ターミナル
66%
羽田空港第1・第2ターミナル
66%
京急川崎
65%
印旛日本医大
65%
名鉄一宮
65%
神戸空港 神戸新交通 三宮
65%
延岡
65%
西馬込
64%
西馬込
64%
新鵜沼
64%
京成佐倉
63%
小倉
63%
宗吾参道
61%
宗吾参道
61%
唐津
60%
西唐津
60%
印西牧の原
59%
中部国際空港 名鉄空港線 太田川
59%
筑前前原
58%
門真市
57%
京橋
57%
神奈川新町
56%
芝山千代田
53%
野洲
52%
羽田空港第2ターミナル
49%
上り 釜石
48%
佐土原
31%
下り いわて沼宮内
30%
筑前深江
30%
佐屋
29%
大阪空港 大阪モノレール 南茨木
29%
下り 滝沢
23%
日向新富
18%
No matching quizzes found
Score Distribution
Percent of People with Each Score
Percentile by Number Answered
Your Score History
You have not taken this quiz